000 01797cam a22004334i 4500
003 PE-LiUPU
005 20250731175637.0
008 150706s r 000 0 d
020 _a8476355904
035 _a(Sirsi) i9788476355909
040 _aPE-LiUPU
_bspa
_cPE-LiUPU
_erda
049 _aPRUA
082 0 4 _a465.8
_bZ34
_221
100 1 _aZamorano Aguilar, Alfonso,
_eautor.
245 1 3 _aEl subjuntivo en la historia de la gramática española :
_b(1771-1973) /
_cAlfonso Zamorano Aguilar.
264 1 _aMadrid :
_bArco/Libros,
_c[2005].
300 _a414 páginas :
_bilustraciones ;
_c22 centímetros
336 _atext
_2rdacontent
337 _aunmediated
_2rdamedia
338 _avolume
_2rdacarrier
490 0 _aBiblitheca Philologica
504 _aIncluye referenias bibliograficas.
505 0 _aEl subjuntivo y la crítica lingüística -- El subjuntivo en el sistema modal español. El subjuntivo a través de los ejemplos de cada tratadista (1771-1973): sistema y rasgos de individualización -- Subjuntivo y sintaxis(1771-1973).
526 _aP145
526 _aP127
526 _aP97
526 _aP35
526 _aP14
526 _aP07
650 0 4 _aEspañol
_xGramática histórica.
650 0 4 _aEspañol
_xSubjuntivo.
910 _agl
_bng
_cng
_d20101019
942 _2ddc
_cBOOK
949 _a465.8 Z34
_wDEWEY
_c1
_i62194
_lCCODEBUL1
_mBUL
_p15.00
_r0
_sY
_tBOOK
_u2015-7-6
_xEDUCACION
_zUNKNOWN
_0COMPRA
_o.STAFF. Colección General
994 _aC0
_bPEPRU
596 _a1
999 _a465.8 Z34
_wDEWEY
_c51270
_i62194
_f2021-11-8
_g5
_lCCODEBUL1
_mBUL
_p15.00
_r0
_sN
_tBOOK
_u2015-7-6
_xEDUCACION
_zUNKNOWN
_0COMPRA
_o.STAFF. Colección General
_d51270
980 _81
_gALBERTO SANCHEZ Responsable de Automatización